Countries that start with A - Statistics

General Stats
  • This quiz has been taken 19 times
    7 since last reset
  • The average score is 10 of 11
Answers on the Map
Answers color-coded by a green-red scale on the quiz's map according to % correct below.
 
Answer Stats
Answer % Correct
Afghanistan
100%
Algeria
100%
Andorra
100%
angola
100%
Argentina
100%
Armenia
100%
Australia
100%
Albania
83%
Austria
83%
Azerbaijan
83%
Antigua and Barbuda
67%
No matching quizzes found
Score Distribution
Percent of People with Each Score
Percentile by Number Answered
Your Score History
You have not taken this quiz since the last reset